[Event "79th POL-ch 3rd place playoff"]
[Site "Kruszwica POL"]
[Date "2022.05.15"]
[Round "1"]
[White "Socko, Bartosz"]
[Black "Szpar, Milosz"]
[Result "1-0"]
[WhiteElo "2636"]
[BlackElo "2434"]
[EventDate "2022.05.15"]
[PlyCount "153"]

1.d4 Nf6 2.Nf3 c5 3.e3 g6 4.Bd3 Bg7 5.O-O O-O 6.dxc5 Qc7 7.a3 Qxc5 8.b4 
Qc7 9.Bb2 b6 10.Nbd2 Bb7 11.c4 d6 12.Rc1 Nbd7 13.Qb3 Rac8 14.Rfd1 Qb8 15.
Bf1 Qa8 16.Nd4 Ne5 17.h3 Rfd8 18.Ne2 Qb8 19.Nf4 d5 20.Ba1 e6 21.Bb2 g5 22.
Nd3 Ng6 23.cxd5 Bxd5 24.Qa4 Rxc1 25.Rxc1 h5 26.b5 g4 27.Bxf6 Bxf6 28.hxg4 
hxg4 29.Qxg4 Kh7 30.Ne4 Be7 31.Ng5+ Kg7 32.Nf4 e5 33.Nxd5 Bxg5 34.Nb4 Bf6 
35.Bd3 Qd6 36.Bxg6 fxg6 37.g3 Qd7 38.Qxd7+ Rxd7 39.Nc6 Kf7 40.e4 Ke6 41.
Kf1 Bg5 42.Rc4 Bh6 43.Ra4 Bf8 44.Ke2 Bc5 45.Nxa7 Rh7 46.Nc8 Rc7 47.Na7 Rh7
48.Ra6 Kd7 49.Nc6 Kd6 50.Nb4 Bd4 51.Nd5 Rh2 52.Nxb6 Rxf2+ 53.Kd3 Kc5 54.a4
Rf3+ 55.Ke2 Rf2+ 56.Kd3 Rf3+ 57.Ke2 Rf2+ 58.Ke1 Rb2 59.Nd7+ Kc4 60.Rd6 g5 
61.Rd5 g4 62.Nxe5+ Kc3 63.Nxg4 Bb6 64.Ne5 Rb4 65.Ke2 Rxe4+ 66.Kf3 Rxa4 67.
g4 Ra1 68.g5 Rg1 69.Kf4 Kb4 70.Kf5 Be3 71.g6 Bh6 72.b6 Kc3 73.Rb5 Rg5+ 74.
Kf6 Rh5 75.b7 Bg5+ 76.Ke6 Rh8 77.b8=Q 1-0

[Event "79th POL-ch 3rd place playoff"]
[Site "Kruszwica POL"]
[Date "2022.05.15"]
[Round "1"]
[White "Moranda, Wojciech"]
[Black "Licznerski, Lukasz"]
[Result "1/2-1/2"]
[WhiteElo "2630"]
[BlackElo "2439"]
[EventDate "2022.05.15"]
[PlyCount "147"]

1.e4 c6 2.d4 d5 3.Nc3 dxe4 4.Nxe4 Bf5 5.Ng3 Bg6 6.Nh3 e6 7.Nf4 Bd6 8.Ngh5 
Bxh5 9.Nxh5 g6 10.Nf4 Nd7 11.g3 Ngf6 12.Bg2 e5 13.dxe5 Qa5+ 14.Bd2 Qxe5+ 
15.Qe2 Qxe2+ 16.Nxe2 O-O-O 17.O-O Rhe8 18.Rae1 Ne4 19.Be3 Bc5 20.Nf4 Ndf6 
21.Nd3 Bxe3 22.Rxe3 Nd6 23.Rxe8 Rxe8 24.Rd1 Kc7 25.Kf1 Ng4 26.h3 Ne5 27.
Nc5 Nd7 28.Na4 b5 29.Nc3 Nc4 30.b3 Na3 31.Rd2 a5 32.Ne4 Re7 33.c3 f5 34.
Ng5 Nc5 35.Rd1 h6 36.Nf3 a4 37.Nd4 Ne4 38.g4 fxg4 39.hxg4 Nxc3 40.Rd3 Nxa2
41.bxa4 b4 42.Nxc6 Rd7 43.Nxb4 Rxd3 44.Nxd3 Nc3 45.Ne5 Nxa4 46.Nxg6 Nc4 
47.Ke2 Kd6 48.f4 Nc5 49.Nh4 Ne6 50.Nf5+ Kc5 51.Kf3 Nd4+ 52.Nxd4 Kxd4 53.
Kg3 Nd6 54.Bc6 Kc5 55.Ba8 Kd4 56.Bf3 Ne8 57.Bc6 Nf6 58.Kf3 Kc5 59.Be4 Kd6 
60.Bf5 Ke7 61.Ke3 Ne8 62.Kd4 Kf6 63.Bd7 Nd6 64.Kd5 Nf7 65.Be8 Nd8 66.Bd7 
Ke7 67.Ba4 Kf6 68.Bd7 Nf7 69.Be8 Nd8 70.f5 Ke7 71.Bh5 Kf6 72.Bg6 Nb7 73.
Be8 Na5 74.Bh5 1/2-1/2

[Event "79th POL-ch 3rd place playoff"]
[Site "Kruszwica POL"]
[Date "2022.05.15"]
[Round "1"]
[White "Tomczak, Jacek"]
[Black "Gajewski, Grzegorz"]
[Result "1-0"]
[WhiteElo "2584"]
[BlackElo "2589"]
[EventDate "2022.05.15"]
[PlyCount "61"]

1.e4 c5 2.Nf3 d6 3.c3 Nf6 4.Be2 g6 5.O-O Bg7 6.Bb5+ Nc6 7.Re1 O-O 8.h3 Qb6
9.a4 e5 10.Na3 a6 11.Bc4 Na5 12.d3 Nxc4 13.Nxc4 Qc6 14.a5 Be6 15.Nb6 Rae8 
16.c4 Nd7 17.Nd5 h6 18.Bd2 f5 19.Rb1 Rf7 20.Nh4 Kh7 21.exf5 gxf5 22.Qh5 
Nf8 23.b4 cxb4 24.Rxb4 Qd7 25.Rb6 Bxd5 26.cxd5 e4 27.Bxh6 Bxh6 28.Rxd6 
Qxd6 29.Qxf7+ Kh8 30.Qxe8 exd3 31.Nxf5 1-0

[Event "79th POL-ch 3rd place playoff"]
[Site "Kruszwica POL"]
[Date "2022.05.15"]
[Round "2"]
[White "Szpar, Milosz"]
[Black "Gajewski, Grzegorz"]
[Result "1-0"]
[WhiteElo "2434"]
[BlackElo "2589"]
[EventDate "2022.05.15"]
[PlyCount "71"]

1.e4 c6 2.d4 d5 3.exd5 cxd5 4.Bd3 Nc6 5.c3 Qc7 6.h3 e6 7.Nf3 Bd6 8.O-O 
Nge7 9.Re1 O-O 10.b3 f6 11.c4 e5 12.c5 Bxc5 13.dxc5 e4 14.Nc3 exf3 15.Nb5 
Qd8 16.Qxf3 Ne5 17.Qg3 Bf5 18.Bf1 Bg6 19.Bb2 N7c6 20.Rad1 Qd7 21.Nd6 Bf7 
22.Be2 Qc7 23.Nxf7 Rxf7 24.Rxd5 Re7 25.Red1 Rae8 26.Rd6 Kh8 27.Bh5 Rf8 28.
a3 a5 29.Qf4 Kg8 30.b4 axb4 31.axb4 Nd8 32.Qd4 Ndf7 33.Qd5 Kh8 34.Bxe5 
Nxe5 35.Rd8 Nd7 36.Rxd7 1-0

[Event "79th POL-ch 3rd place playoff"]
[Site "Kruszwica POL"]
[Date "2022.05.15"]
[Round "2"]
[White "Licznerski, Lukasz"]
[Black "Tomczak, Jacek"]
[Result "1-0"]
[WhiteElo "2439"]
[BlackElo "2584"]
[EventDate "2022.05.15"]
[PlyCount "127"]

1.e4 c5 2.Nf3 d6 3.d4 cxd4 4.Nxd4 Nf6 5.Nc3 a6 6.Be2 e5 7.Nf3 Be7 8.Bg5 
Nbd7 9.a4 h6 10.Be3 Qc7 11.Nd2 Nc5 12.Bxc5 Qxc5 13.Nc4 Be6 14.Ne3 O-O 15.
O-O Qb4 16.Ned5 Bxd5 17.Nxd5 Nxd5 18.Qxd5 Rac8 19.Bd3 Bd8 20.Qa2 Kh8 21.c3
Qc5 22.Rad1 Bb6 23.Bc2 Qc7 24.g3 Qe7 25.Kg2 Bc5 26.Rd3 f5 27.exf5 Rxf5 28.
Qd5 Rcf8 29.Rd2 R5f6 30.b4 Ba7 31.Be4 Rb8 32.Rd3 Qf8 33.Rf3 Rxf3 34.Bxf3 
Rc8 35.Qd3 Rc7 36.Bd5 Qf6 37.f4 e4 38.Qxe4 Re7 39.Qc4 Qf8 40.Bf3 Qd8 41.a5
b5 42.axb6 Bxb6 43.Qxa6 Ra7 44.Qc4 Rc7 45.Qd3 Qf6 46.Re1 Rc8 47.Re2 g6 48.
c4 h5 49.Bd5 Rf8 50.Re6 Qb2+ 51.Kh3 Bg1 52.Bg2 Rf6 53.Qxd6 Rxe6 54.Qxe6 
Kh7 55.c5 h4 56.Qe7+ Kh6 57.Qe5 Bd4 58.Qg5+ Kg7 59.Qe7+ Kh8 60.Qxh4+ Kg7 
61.Qe7+ Kh8 62.Bd5 g5 63.Qf8+ Kh7 64.Be4# 1-0

[Event "79th POL-ch 3rd place playoff"]
[Site "Kruszwica POL"]
[Date "2022.05.15"]
[Round "2"]
[White "Socko, Bartosz"]
[Black "Moranda, Wojciech"]
[Result "1/2-1/2"]
[WhiteElo "2636"]
[BlackElo "2630"]
[EventDate "2022.05.15"]
[PlyCount "122"]

1.d4 Nf6 2.Nf3 e6 3.e3 d5 4.Bd3 c5 5.b3 Nc6 6.O-O b6 7.Bb2 Bb7 8.Nbd2 Rc8 
9.a3 cxd4 10.exd4 Be7 11.Re1 O-O 12.Qe2 Re8 13.Ne5 Bf8 14.Ndf3 Ne4 15.Nxc6
Bxc6 16.Ne5 Bb7 17.Rad1 f6 18.Nf3 Nc3 19.Bxc3 Rxc3 20.Bb5 Re7 21.Rd3 Rxd3 
22.Bxd3 Bc8 23.h4 Rc7 24.a4 Bb4 25.Rd1 Qe8 26.c4 Qh5 27.Qe3 Kf8 28.Rc1 Ba3
29.Rc2 dxc4 30.Qf4 Qf7 31.Rxc4 Rxc4 32.bxc4 Qd7 33.Bxh7 Qxa4 34.c5 Qd7 35.
Ne5 Qd8 36.Ng6+ Ke8 37.c6 Qd6 38.Qf3 Bc1 39.Qc3 Qa3 40.Qc4 Bd2 41.Kh2 Qa5 
42.c7 Qd5 43.Qa4+ b5 44.Qxa7 Bb4 45.g3 Bd6 46.Nf4 Bxf4 47.gxf4 Kd7 48.Qb8 
f5 49.Bg6 Qb7 50.d5 b4 51.dxe6+ Kxe6 52.Bh7 Kf6 53.Bg8 Qe4 54.Kg3 Qd3+ 55.
Kg2 Qe4+ 56.Kg3 Qd3+ 57.f3 Qd4 58.Kg2 Qd2+ 59.Kg3 Qe1+ 60.Kg2 Qe2+ 61.Kg3 
Qe1+ 1/2-1/2

[Event "79th POL-ch 3rd place playoff"]
[Site "Kruszwica POL"]
[Date "2022.05.15"]
[Round "3"]
[White "Moranda, Wojciech"]
[Black "Szpar, Milosz"]
[Result "1/2-1/2"]
[WhiteElo "2630"]
[BlackElo "2434"]
[EventDate "2022.05.15"]
[PlyCount "99"]

1.e4 c5 2.Nf3 d6 3.d4 cxd4 4.Nxd4 Nf6 5.Nc3 Nc6 6.f3 e5 7.Nb3 Be7 8.Be3 
O-O 9.Qd2 a5 10.Bb5 Be6 11.O-O-O Nb4 12.Kb1 d5 13.exd5 Nfxd5 14.Nxd5 Nxd5 
15.Bc4 Nxe3 16.Qxe3 Qc8 17.Bxe6 Qxe6 18.Rhe1 a4 19.Nc5 Bxc5 20.Qxc5 Rfe8 
21.a3 h6 22.Rd6 Qe7 23.h3 Qg5 24.Re2 Re7 25.Rd5 Rae8 26.Qb5 Qf4 27.Re4 Qh2
28.Qe2 f5 29.Rxa4 Qg1+ 30.Rd1 Qb6 31.Rb4 Qf6 32.g4 e4 33.gxf5 e3 34.Rd5 
Re5 35.Rxe5 Rxe5 36.Re4 Rxe4 37.fxe4 Qd4 38.Kc1 Qxe4 39.b3 Qh1+ 40.Kb2 
Qxh3 41.Qb5 Qf3 42.Qe8+ Kh7 43.Qg6+ Kh8 44.Kc3 Qf2 45.Qe8+ Kh7 46.Qe4 e2 
47.f6+ Kg8 48.Qe8+ Kh7 49.Qe4+ Kg8 50.Qe8+ 1/2-1/2

[Event "79th POL-ch 3rd place playoff"]
[Site "Kruszwica POL"]
[Date "2022.05.15"]
[Round "3"]
[White "Tomczak, Jacek"]
[Black "Socko, Bartosz"]
[Result "1-0"]
[WhiteElo "2584"]
[BlackElo "2636"]
[EventDate "2022.05.15"]
[PlyCount "93"]

1.e4 c6 2.Nc3 d5 3.Nf3 Bg4 4.h3 Bxf3 5.Qxf3 e6 6.Be2 Bc5 7.O-O Ne7 8.Na4 
Bd6 9.d4 dxe4 10.Qxe4 Nd7 11.c4 O-O 12.Nc3 Nf6 13.Qf3 Ng6 14.Bg5 Be7 15.
Rad1 Qc7 16.g3 Rad8 17.h4 h6 18.h5 hxg5 19.hxg6 fxg6 20.Qe3 Kf7 21.Rfe1 
Qd7 22.Qxg5 Rh8 23.Qf4 Bd6 24.Qf3 Bb4 25.Bd3 Rh6 26.d5 exd5 27.cxd5 Bxc3 
28.Bc4 cxd5 29.Rxd5 Qxd5 30.Bxd5+ Rxd5 31.Qxc3 Rh8 32.Qa3 Rd7 33.Qxa7 Rc8 
34.Qe3 Kg8 35.Qb3+ Kh7 36.Kg2 g5 37.Rd1 Re7 38.Qd3+ Kg8 39.Qf5 Ra8 40.Qf3 
g4 41.Qb3+ Kh7 42.Rd4 Rc8 43.Qd3+ Kh6 44.Rxg4 Nxg4 45.Qd6+ Kh5 46.Qxe7 Rc2
47.Qh4+ 1-0

[Event "79th POL-ch 3rd place playoff"]
[Site "Kruszwica POL"]
[Date "2022.05.15"]
[Round "3"]
[White "Gajewski, Grzegorz"]
[Black "Licznerski, Lukasz"]
[Result "1/2-1/2"]
[WhiteElo "2589"]
[BlackElo "2439"]
[EventDate "2022.05.15"]
[PlyCount "161"]

1.c4 Nf6 2.Nc3 d5 3.cxd5 Nxd5 4.g3 g6 5.Bg2 Nb6 6.d3 Bg7 7.Bd2 Nc6 8.Bxc6+
bxc6 9.Qc1 h5 10.Ne4 Qd5 11.Bc3 f6 12.Nf3 Bg4 13.Qe3 O-O 14.h3 Bf5 15.g4 
hxg4 16.hxg4 Bxg4 17.Rg1 Bf5 18.Nh4 Kf7 19.Ng3 Rg8 20.Ngxf5 gxf5 21.Ng6 
Qe6 22.Qh3 Nd5 23.Qh5 Ke8 24.Nf4+ Qf7 25.Qxf5 Nxf4 26.Qxf4 Kd7 27.Kd2 Bf8 
28.Qd4+ Kc8 29.Qa4 Kd7 30.Qd4+ Kc8 31.Kc2 e5 32.Qe4 Rxg1 33.Rxg1 Kb7 34.
Qc4 Qxc4 35.dxc4 Bd6 36.Rg6 Rf8 37.f3 c5 38.Be1 Kc6 39.Kd3 Kd7 40.Rg7+ Ke6
41.Ba5 Rc8 42.Rh7 Be7 43.Ke3 c6 44.b3 Rg8 45.Bc3 Rd8 46.Rg7 Rh8 47.Kd3 
Rd8+ 48.Kc2 Rh8 49.Bd2 Rd8 50.Be3 a6 51.Rh7 Rg8 52.Bd2 Rd8 53.Bc3 Rg8 54.
Ba5 Rg2 55.Kd2 Rg8 56.Kd3 Rb8 57.Ke3 Rg8 58.Kf2 Rb8 59.e4 Rg8 60.Bd2 Rb8 
61.f4 exf4 62.Bxf4 Rg8 63.Be3 Bd6 64.Rh5 Bg3+ 65.Kf3 Be5 66.Bxc5 Rg3+ 67.
Kf2 Rc3 68.Rh7 Bd6 69.Bd4 Rc2+ 70.Kf3 Rxa2 71.Rh6 Be5 72.Bxe5 Kxe5 73.Ke3 
Rg2 74.Rh5+ Rg5 75.Rh3 c5 76.Rf3 a5 77.Kd3 Rh5 78.Ke3 Rg5 79.Kd3 Rh5 80.
Ke3 Rg5 81.Kd3 1/2-1/2

[Event "79th POL-ch 3rd place playoff"]
[Site "Kruszwica POL"]
[Date "2022.05.15"]
[Round "4"]
[White "Tomczak, Jacek"]
[Black "Szpar, Milosz"]
[Result "1/2-1/2"]
[WhiteElo "2584"]
[BlackElo "2434"]
[EventDate "2022.05.15"]
[PlyCount "107"]

1.e4 c5 2.Nf3 d6 3.c3 Nf6 4.Be2 g6 5.O-O Bg7 6.Bb5+ Nc6 7.Re1 O-O 8.h3 e5 
9.d3 h6 10.Be3 a6 11.Ba4 Be6 12.Nbd2 Ne8 13.Bb3 Nc7 14.a4 b6 15.Bxe6 Nxe6 
16.Qb3 Rb8 17.Qc4 Qc8 18.Nf1 Kh7 19.Bd2 Qb7 20.Ng3 b5 21.axb5 axb5 22.Qd5 
Rfd8 23.h4 Ne7 24.Qxb7 Rxb7 25.h5 Rdd7 26.hxg6+ fxg6 27.Ra6 Ra7 28.Rea1 
Nc6 29.Ne2 Rdb7 30.R1a3 Rxa6 31.Rxa6 Ned8 32.Ne1 Ra7 33.Rb6 Rb7 34.Rxb7 
Nxb7 35.Nc2 h5 36.Na3 Na7 37.Ng3 Bh6 38.Bxh6 Kxh6 39.Nf1 Nd8 40.Ne3 Ne6 
41.Nd5 Nf4 42.Nxf4 exf4 43.d4 Kg7 44.f3 Kf7 45.Kf2 Ke6 46.Nc2 g5 47.d5+ 
Ke5 48.b4 Nc8 49.Na3 cxb4 50.cxb4 Na7 51.Nc2 Nc8 52.Na3 Na7 53.Nc2 Nc8 54.
Na3 1/2-1/2

[Event "79th POL-ch 3rd place playoff"]
[Site "Kruszwica POL"]
[Date "2022.05.15"]
[Round "4"]
[White "Gajewski, Grzegorz"]
[Black "Moranda, Wojciech"]
[Result "0-1"]
[WhiteElo "2589"]
[BlackElo "2630"]
[EventDate "2022.05.15"]
[PlyCount "60"]

1.e4 c6 2.d4 d5 3.e5 Bf5 4.h4 h6 5.g4 Be4 6.f3 Bh7 7.Bd3 Bxd3 8.Qxd3 e6 9.
h5 c5 10.c3 Qb6 11.Ne2 Nd7 12.Na3 Ne7 13.Nc2 Nc6 14.f4 O-O-O 15.Rb1 Kb8 
16.b4 cxb4 17.cxb4 Rc8 18.Bd2 Na5 19.a4 Nc4 20.a5 Qc7 21.Nc3 Be7 22.Rh3 f6
23.f5 fxe5 24.fxe6 e4 25.Qe2 Nf6 26.g5 Nxd2 27.gxf6 Nf3+ 28.Rxf3 exf3 29.
Nxd5 fxe2 30.Nxc7 Rxc7 0-1

[Event "79th POL-ch 3rd place playoff"]
[Site "Kruszwica POL"]
[Date "2022.05.15"]
[Round "4"]
[White "Licznerski, Lukasz"]
[Black "Socko, Bartosz"]
[Result "0-1"]
[WhiteElo "2439"]
[BlackElo "2636"]
[EventDate "2022.05.15"]
[PlyCount "123"]

1.e4 c6 2.d4 d5 3.Nc3 dxe4 4.Nxe4 Bf5 5.Ng3 Bg6 6.h4 h6 7.Nf3 e6 8.Ne5 Bh7
9.Bd3 Bxd3 10.Qxd3 Nd7 11.f4 Nxe5 12.fxe5 c5 13.Qb5+ Qd7 14.Qxd7+ Kxd7 15.
Be3 cxd4 16.O-O-O Ke8 17.Bxd4 Ne7 18.Rhf1 Nc6 19.Bc3 Be7 20.Ne4 Rd8 21.
Rxd8+ Nxd8 22.h5 g6 23.g4 Rg8 24.a3 Nc6 25.b4 b5 26.Kb2 gxh5 27.gxh5 Rg2 
28.Rf2 Rg1 29.Nf6+ Kf8 30.Bd2 Kg7 31.Ne8+ Kg8 32.Nf6+ Bxf6 33.exf6 Ne5 34.
Bf4 Ng4 35.Rd2 Nxf6 36.Rd8+ Kg7 37.Ra8 Nxh5 38.Be3 Rg4 39.Bxa7 Nf6 40.Rb8 
Rg5 41.Bc5 Nd7 42.Rxb5 Nxc5 43.Rxc5 Rxc5 44.bxc5 Kf6 45.a4 Ke7 46.a5 Kd7 
47.a6 Kc6 48.Kc3 h5 49.Kd4 h4 50.Ke5 h3 51.a7 Kb7 52.c6+ Kxa7 53.Kd6 h2 
54.c7 h1=Q 55.c8=Q Qd5+ 56.Ke7 Qb7+ 57.Qxb7+ Kxb7 58.Kd6 Kc8 59.c3 f5 60.
Ke5 Kd7 61.c4 Kc6 62.Kd4 0-1

[Event "79th POL-ch 3rd place playoff"]
[Site "Kruszwica POL"]
[Date "2022.05.15"]
[Round "5"]
[White "Szpar, Milosz"]
[Black "Licznerski, Lukasz"]
[Result "0-1"]
[WhiteElo "2434"]
[BlackElo "2439"]
[EventDate "2022.05.15"]
[PlyCount "124"]

1.e4 c6 2.d4 d5 3.exd5 cxd5 4.Bd3 Nc6 5.c3 Nf6 6.h3 g6 7.Nf3 Bg7 8.O-O Bf5
9.Bxf5 gxf5 10.Bf4 e6 11.Nbd2 Ne4 12.Ne1 Qh4 13.Nd3 Bh6 14.Nf3 Qh5 15.Bxh6
Qxh6 16.Qc1 Qxc1 17.Rfxc1 Ke7 18.Nfe1 Rhg8 19.Nf4 Na5 20.Ned3 Nc4 21.Rc2 
Rac8 22.Re1 Rg5 23.f3 Nf6 24.Nc5 b6 25.Ncd3 Kd7 26.Kf2 Nh5 27.Nxh5 Rxh5 
28.a4 Rg5 29.Rce2 Rcg8 30.Kf1 Kd6 31.Nf4 Rb8 32.Nd3 Rgg8 33.Kf2 h5 34.h4 
Na5 35.Nf4 Rh8 36.Rh1 Rbg8 37.Rh3 Nc6 38.Rg3 Rxg3 39.Kxg3 Ne7 40.Nd3 Ng6 
41.Re1 Rg8 42.Kh3 f6 43.f4 Ne7 44.Re3 Rg4 45.g3 Nc6 46.Kg2 Na5 47.Kf2 Nc4 
48.Re1 Kd7 49.Rg1 Nd2 50.Ke3 Ne4 51.Kf3 Rg8 52.Nf2 Kc6 53.Nd3 a5 54.Nf2 b5
55.axb5+ Kxb5 56.Nxe4 fxe4+ 57.Kg2 Kc4 58.Ra1 Rb8 59.Ra2 Kd3 60.Kf2 f5 61.
Kg2 Rb3 62.Kf2 Kd2 0-1

[Event "79th POL-ch 3rd place playoff"]
[Site "Kruszwica POL"]
[Date "2022.05.15"]
[Round "5"]
[White "Socko, Bartosz"]
[Black "Gajewski, Grzegorz"]
[Result "1-0"]
[WhiteElo "2636"]
[BlackElo "2589"]
[EventDate "2022.05.15"]
[PlyCount "193"]

1.d4 Nf6 2.Nf3 d5 3.c4 e6 4.g3 Bb4+ 5.Bd2 Be7 6.Qb3 O-O 7.Bg2 Nbd7 8.O-O 
c6 9.Rc1 a5 10.a4 h6 11.Na3 Ne4 12.Be1 f5 13.Nc2 Bd6 14.Ne3 Qe8 15.Nd2 
Ndf6 16.Nxe4 Nxe4 17.Qd3 Qh5 18.Nf1 Ng5 19.Rab1 f4 20.gxf4 Rxf4 21.f3 e5 
22.cxd5 e4 23.Ng3 exd3 24.Nxh5 Rxd4 25.exd3 Rxd5 26.Ng3 Rxd3 27.Rd1 Bc5+ 
28.Bf2 Bxf2+ 29.Kxf2 Rxd1 30.Rxd1 Be6 31.f4 Rf8 32.Ke3 Nh7 33.Rd6 Re8 34.
Kd4 Nf6 35.Ne4 Nxe4 36.Bxe4 Kf7 37.Kc5 Ke7 38.Rd4 Rf8 39.Bh1 g5 40.fxg5 
hxg5 41.Kb6 Rf4 42.Rd2 Rb4+ 43.Kc7 Rxa4 44.Kxb7 c5 45.Kc6 c4 46.Re2 Kf6 
47.Kd6 Bf5 48.Rf2 c3 49.bxc3 Rc4 50.Bd5 Rf4 51.Ra2 Rh4 52.c4 Rh8 53.Rf2 
Rd8+ 54.Kc7 Rd7+ 55.Kc6 Re7 56.c5 a4 57.Kb6 a3 58.c6 Ke5 59.c7 Bc8 60.Bb7 
Re6+ 61.Ka7 Bd7 62.Rd2 a2 63.Rxa2 Kd6 64.Rc2 Re3 65.c8=Q Bxc8 66.Bxc8 Ke5 
67.h3 Ra3+ 68.Kb6 Kf6 69.Bg4 Rd3 70.Kc5 Kg7 71.Ra2 Rd8 72.Ra7+ Kg6 73.Ra6+
Kg7 74.Bf5 Kf7 75.Bg4 Kg7 76.Kc4 Kf7 77.Bh5+ Kg7 78.Rg6+ Kh7 79.Rxg5 Kh6 
80.Re5 Rd7 81.Bf3 Rd6 82.Bd5 Rd8 83.Kd4 Rd6 84.Ke4 Rf6 85.Be6 Rf1 86.Ra5 
Re1+ 87.Kf5 Rf1+ 88.Kg4 Rg1+ 89.Kh4 Re1 90.Bf5 Re2 91.Ra6+ Kg7 92.Kg5 Rg2+
93.Bg4 Rf2 94.h4 Rf7 95.Bf5 Rc7 96.Ra8 Rf7 97.h5 1-0

[Event "79th POL-ch 3rd place playoff"]
[Site "Kruszwica POL"]
[Date "2022.05.15"]
[Round "5"]
[White "Moranda, Wojciech"]
[Black "Tomczak, Jacek"]
[Result "1/2-1/2"]
[WhiteElo "2630"]
[BlackElo "2584"]
[EventDate "2022.05.15"]
[PlyCount "133"]

1.e4 c6 2.d4 d5 3.Nc3 dxe4 4.Nxe4 Bf5 5.Ng3 Bg6 6.Nh3 Nf6 7.c3 Nbd7 8.Bc4 
Nb6 9.Bb3 a5 10.a4 e6 11.Nf4 Nbd5 12.Nxg6 hxg6 13.Qf3 Bd6 14.h3 Qc7 15.Ne4
Nxe4 16.Qxe4 Rh5 17.Bc4 Nf6 18.Qf3 Nd5 19.g3 O-O-O 20.Be2 e5 21.Qg2 Rh7 
22.dxe5 Bxe5 23.O-O Qd7 24.Rd1 Qe6 25.Bg4 f5 26.Bf3 Bf6 27.h4 Rhh8 28.Bxd5
Rxd5 29.Rxd5 Qe1+ 30.Qf1 Qxf1+ 31.Kxf1 cxd5 32.Be3 g5 33.Rd1 gxh4 34.Rxd5 
hxg3 35.fxg3 Rh1+ 36.Bg1 Bd8 37.Kg2 Rh5 38.Be3 Bc7 39.Rc5 Kd7 40.Rb5 Kc6 
41.Rc5+ Kd7 42.Rb5 Kc6 43.b4 axb4 44.cxb4 g6 45.Rc5+ Kd7 46.Rd5+ Kc8 47.b5
b6 48.Rd3 Rh8 49.Rc3 Kb7 50.Rc6 Ra8 51.Rxg6 Rxa4 52.Rf6 Rg4 53.Bf2 Rg5 54.
Kf3 Kc8 55.Rf7 Kb7 56.Ke2 Kc8 57.Kd3 Bxg3 58.Bxb6 Bd6 59.Kc4 f4 60.Bd4 Bc7
61.Ba7 Rg6 62.Bc5 Rh6 63.Bd4 Rg6 64.Bc5 Re6 65.Kd5 Re5+ 66.Kd4 Re6 67.Kd5 
1/2-1/2

[Event "79th POL-ch 3rd place playoff"]
[Site "Kruszwica POL"]
[Date "2022.05.16"]
[Round "6"]
[White "Szpar, Milosz"]
[Black "Socko, Bartosz"]
[Result "0-1"]
[WhiteElo "2434"]
[BlackElo "2636"]
[EventDate "2022.05.15"]
[PlyCount "86"]

1.e4 e6 2.d4 d5 3.Nc3 Nf6 4.e5 Nfd7 5.Nce2 c5 6.c3 Nc6 7.Nf3 a5 8.a4 cxd4 
9.cxd4 Be7 10.Nc3 O-O 11.Bd3 Nb4 12.Bb1 b6 13.h4 f5 14.Kf1 Qe8 15.Ng5 Bd8 
16.Nb5 Ba6 17.Ra3 h6 18.Nf3 Qh5 19.Kg1 Bxb5 20.axb5 Be7 21.Rc3 Rfc8 22.Bd2
Nf8 23.Qc1 Qe8 24.Rh3 Nh7 25.Kh2 Kh8 26.h5 Qd8 27.Qg1 Bg5 28.Be1 Rc4 29.
Kh1 Qd7 30.g4 Rf8 31.gxf5 exf5 32.Nh4 Bxh4 33.Rxh4 Ng5 34.f4 Ne4 35.Bxe4 
fxe4 36.Rg3 Nd3 37.e6 Qe7 38.Rhg4 Rc1 39.Rxg7 Qh4+ 40.Kg2 Nxe1+ 41.Kf2 
Qxf4+ 42.Ke2 Rc2+ 43.Kd1 Qd2# 0-1

[Event "79th POL-ch 3rd place playoff"]
[Site "Kruszwica POL"]
[Date "2022.05.16"]
[Round "6"]
[White "Licznerski, Lukasz"]
[Black "Moranda, Wojciech"]
[Result "1/2-1/2"]
[WhiteElo "2439"]
[BlackElo "2630"]
[EventDate "2022.05.15"]
[PlyCount "117"]

1.e4 c6 2.d4 d5 3.Nc3 dxe4 4.Nxe4 Nf6 5.Nxf6+ exf6 6.Bc4 Bd6 7.Qe2+ Be7 8.
Nf3 O-O 9.O-O Bd6 10.Re1 a5 11.a4 Na6 12.Qe4 Nc7 13.Bd3 f5 14.Qe2 Re8 15.
Qf1 Rxe1 16.Qxe1 h6 17.Bd2 Nd5 18.Ne5 Be6 19.c3 Qc7 20.g3 Re8 21.Nc4 Bd7 
22.Qf1 Be7 23.Qg2 Be6 24.Qf3 Nf6 25.Re1 Bf8 26.Ne3 g6 27.Nc4 Ne4 28.Bxe4 
Bxc4 29.Bd3 Bd5 30.Qd1 Rxe1+ 31.Qxe1 Be6 32.c4 b6 33.Qe3 Bg7 34.Bc3 Qd8 
35.Bf1 h5 36.h4 Kf8 37.b3 Qc7 38.Bg2 Kg8 39.Qf3 c5 40.d5 Bd7 41.Bd2 Be5 
42.Bf1 Qd6 43.Bd3 Kg7 44.Kg2 Bd4 45.Bf4 Be5 46.Bd2 Qf6 47.Bg5 Qd6 48.Kf1 
Bd4 49.Bf4 Be5 50.Bd2 Qf6 51.Bg5 Qd6 52.Ke1 Bc3+ 53.Kd1 Be5 54.Kc2 Bd4 55.
Qe2 f6 56.Bf4 Be5 57.Bd2 Kf7 58.f4 Bd4 59.Bc3 1/2-1/2

[Event "79th POL-ch 3rd place playoff"]
[Site "Kruszwica POL"]
[Date "2022.05.16"]
[Round "6"]
[White "Gajewski, Grzegorz"]
[Black "Tomczak, Jacek"]
[Result "0-1"]
[WhiteElo "2589"]
[BlackElo "2584"]
[EventDate "2022.05.15"]
[PlyCount "54"]

1.Nf3 Nf6 2.c4 g6 3.Nc3 Bg7 4.e4 e5 5.Nxe5 O-O 6.Nf3 Re8 7.Bd3 Nxe4 8.Bxe4
Bxc3 9.dxc3 Rxe4+ 10.Be3 Nc6 11.Qd5 Qe8 12.h4 d6 13.h5 Rxe3+ 14.fxe3 Qxe3+
15.Kd1 Bg4 16.hxg6 hxg6 17.Kc2 Bf5+ 18.Kb3 Be4 19.Qb5 Bxf3 20.Ka3 a6 21.
Qxb7 Rb8 22.Qxc7 Qc5+ 23.b4 Qxc4 24.Rac1 Bd5 25.Rc2 a5 26.b5 Qxb5 27.Qxd6 
Qc4 0-1

[Event "79th POL-ch 3rd place playoff"]
[Site "Kruszwica POL"]
[Date "2022.05.16"]
[Round "7"]
[White "Gajewski, Grzegorz"]
[Black "Szpar, Milosz"]
[Result "1-0"]
[WhiteElo "2589"]
[BlackElo "2434"]
[EventDate "2022.05.15"]
[PlyCount "39"]

1.d4 Nf6 2.Nf3 e6 3.g3 c5 4.Bg2 Nc6 5.O-O Qb6 6.e3 Be7 7.c4 cxd4 8.exd4 d5
9.b3 dxc4 10.bxc4 O-O 11.Ba3 Rd8 12.Bxe7 Nxe7 13.Nc3 Bd7 14.Re1 Bc6 15.d5 
Qb4 16.Qb3 Qxb3 17.axb3 Bd7 18.Ne5 Nf5 19.dxe6 Bxe6 20.Bxb7 1-0

[Event "79th POL-ch 3rd place playoff"]
[Site "Kruszwica POL"]
[Date "2022.05.16"]
[Round "7"]
[White "Tomczak, Jacek"]
[Black "Licznerski, Lukasz"]
[Result "0-1"]
[WhiteElo "2584"]
[BlackElo "2439"]
[EventDate "2022.05.15"]
[PlyCount "114"]

1.e4 c6 2.Nc3 d5 3.Nf3 Bg4 4.h3 Bxf3 5.Qxf3 Nf6 6.Be2 dxe4 7.Nxe4 Nxe4 8.
Qxe4 Nd7 9.d4 Nf6 10.Qe3 e6 11.O-O Bd6 12.c4 O-O 13.b3 Qe7 14.Rd1 Rfd8 15.
Bf3 Ba3 16.Qe5 Bxc1 17.Raxc1 Qa3 18.Rc2 Rd7 19.Rcd2 Rad8 20.g4 h6 21.h4 
Qe7 22.Kg2 Nh7 23.Qg3 Qd6 24.Qxd6 Rxd6 25.Kg3 g5 26.Bg2 Nf8 27.hxg5 hxg5 
28.Be4 Kg7 29.Kf3 Ng6 30.Bxg6 Kxg6 31.Ke4 Rh8 32.f3 a5 33.a3 Rdd8 34.Rd3 
Rh2 35.R1d2 Rh1 36.Rd1 Rh4 37.d5 cxd5+ 38.cxd5 exd5+ 39.Rxd5 f5+ 40.Ke5 
Rxd5+ 41.Rxd5 fxg4 42.fxg4 Rxg4 43.Rxa5 Rf4 44.Ra8 Rf3 45.b4 g4 46.a4 Rf5+
47.Kd6 Rf6+ 48.Kc5 Kf5 49.Rg8 Rg6 50.Rf8+ Ke4 51.a5 g3 52.Rf1 g2 53.Rb1 
Kf3 54.b5 Kf2 55.a6 bxa6 56.b6 g1=Q 57.Rxg1 Rxg1 0-1

[Event "79th POL-ch 3rd place playoff"]
[Site "Kruszwica POL"]
[Date "2022.05.16"]
[Round "7"]
[White "Moranda, Wojciech"]
[Black "Socko, Bartosz"]
[Result "1-0"]
[WhiteElo "2630"]
[BlackElo "2636"]
[EventDate "2022.05.15"]
[PlyCount "55"]

1.e4 e6 2.d4 d5 3.Nd2 Be7 4.Bd3 c5 5.dxc5 Nf6 6.Qe2 O-O 7.Ngf3 a5 8.O-O 
Na6 9.e5 Nd7 10.c3 Naxc5 11.Bc2 b5 12.a3 Qc7 13.b4 Na4 14.Nb3 Nxc3 15.Qd3 
Ne4 16.Nxa5 Re8 17.Bb2 Nf8 18.Rac1 Ng6 19.Qe3 Qb8 20.Bxe4 dxe4 21.Qxe4 Bd8
22.Nc6 Bb7 23.Nfd4 Ne7 24.Rfd1 Bb6 25.Nxe7+ Rxe7 26.Nc6 Bxc6 27.Rxc6 h6 
28.Rxb6 1-0

[Event "79th POL-ch 3rd place playoff"]
[Site "Kruszwica POL"]
[Date "2022.05.16"]
[Round "8"]
[White "Szpar, Milosz"]
[Black "Moranda, Wojciech"]
[Result "1/2-1/2"]
[WhiteElo "2434"]
[BlackElo "2630"]
[EventDate "2022.05.15"]
[PlyCount "131"]

1.e4 c6 2.d4 d5 3.exd5 cxd5 4.Bd3 Nf6 5.h3 Nc6 6.c3 g6 7.Nf3 Bf5 8.Ne5 
Nxe5 9.dxe5 Bxd3 10.Qxd3 Ne4 11.Nd2 Nxd2 12.Bxd2 e6 13.Be3 a6 14.Bd4 Rc8 
15.Qe3 h5 16.g3 Qc7 17.O-O-O Qa5 18.Kb1 Rc4 19.f4 Be7 20.Rhf1 Ra4 21.a3 
Bxa3 22.b3 Qb5 23.Kc2 Ra5 24.Qd3 Qxd3+ 25.Kxd3 Be7 26.Rf2 Kd7 27.Rb2 Rc8 
28.Rh1 Ra3 29.b4 Kc6 30.g4 Rh8 31.Rhh2 Kd7 32.f5 hxg4 33.fxg6 g3 34.Rhg2 
fxg6 35.Rxg3 Ra1 36.Rf2 Ke8 37.Rff3 g5 38.Be3 Rh5 39.h4 Rxh4 40.Bxg5 Rh7 
41.Be3 Rah1 42.Rg6 Kd7 43.Rfg3 Rf1 44.Rg8 Rf8 45.R8g6 Rhf7 46.Rh6 Rf3 47.
Rgg6 R8f5 48.Ke2 Rxe3+ 49.Kxe3 Bg5+ 50.Kd4 Bxh6 51.Rxh6 Rf4+ 52.Kc5 Rc4+ 
53.Kb6 Rxc3 54.Rh7+ Ke8 55.Rxb7 d4 56.Rb8+ Kd7 57.Rb7+ Kd8 58.Rh7 d3 59.
Rh4 Ra3 60.Kc6 Ke7 61.Rh7+ Kf8 62.Rd7 Rb3 63.Kd6 Rxb4 64.Kxe6 Rb6+ 65.Kf5 
a5 66.Ke4 1/2-1/2